000 00340nam a2200145Ia 4500
005 20250323124318.0
008 240331s9999 xx 000 0 und d
082 _bPUN
_a894
100 _aPuniyameen, P.M
245 0 _aKaru
260 _aUdatalawinna
_bChinthanai Vattam
_c1989
300 _a64 p .,
650 _aShort Stories
942 _cL
999 _c4147
_d4147